| Tag |
First Indicator |
Second Indicator |
Subfields |
| LEADER |
00000cam a2200000 a 4500 |
| 001 |
in00000007940 |
| 005 |
20151002070059.0 |
| 008 |
870311s1987 nyu b 00100 eng |
| 010 |
|
|
|a 87008019
|
| 020 |
|
|
|a 0877547475 (alk. paper) :
|c $19.95
|
| 035 |
|
|
|a (OCoLC)15429364
|
| 035 |
|
|
|9 AAA0283AM
|
| 040 |
|
|
|a DLC
|c DLC
|d TXA
|d UtOrBLW
|
| 050 |
0 |
0 |
|a PR5618
|b .W57 1987
|
| 245 |
0 |
0 |
|a William Makepeace Thackeray's Vanity fair /
|c edited and with an introduction by Harold Bloom.
|
| 264 |
|
1 |
|a New York :
|b Chelsea House Publishers,
|c 1987.
|
| 300 |
|
|
|a 162 pages ;
|c 25 cm.
|
| 336 |
|
|
|a text
|b txt
|2 rdacontent
|
| 337 |
|
|
|a unmediated
|b n
|2 rdamedia
|
| 338 |
|
|
|a volume
|b nc
|2 rdacarrier
|
| 490 |
1 |
|
|a Modern critical interpretations
|
| 504 |
|
|
|a Bibliography: pages 155-156.
|
| 500 |
|
|
|a Includes index.
|
| 505 |
0 |
|
|a On Vanity fair / Dorothy van Ghent -- Art and nature / Barbara Hardy -- The reader in the realistic novel / Wolfgang Iser -- Vision and satire / Robert E. Lougy -- The triumph of Clytemnestra -- The comedy of shifting perspectives.
|
| 600 |
1 |
0 |
|a Thackeray, William Makepeace,
|d 1811-1863.
|t Vanity fair.
|
| 700 |
1 |
|
|a Bloom, Harold.
|
| 830 |
|
0 |
|a Modern critical interpretations.
|
| 999 |
|
|
|a MARS
|
| 999 |
f |
f |
|s cba3c247-69a9-3225-a1f3-f351b6d68ece
|i 303acd22-8a24-3049-a079-df9ab36327a4
|t 0
|
| 952 |
f |
f |
|p normal
|a Texas A&M University
|b College Station
|c Sterling C. Evans Library
|d Evans: Library Stacks
|t 0
|e PR5618 .W57 1987
|h Library of Congress classification
|i unmediated -- volume
|m A14812570539
|
| 998 |
f |
f |
|a PR5618 .W57 1987
|t 0
|l Evans: Library Stacks
|